[Event "2. Bundesliga Mitte 2016/2017"]
[Site "Leoben, Wolfsberg/Taufkirchen/Fuerstenfeld, Grieskirchen, St. Veit"]
[Date "2016.10.07"]
[Round "1"]
[Board "4"]
[White "Manhardt, Thomas"]
[Black "Spindelboeck, Gernot"]
[Result "1-0"]
[WhiteElo "2226"]
[BlackElo "2296"]
[PlyCount "69"]
[EventDate "2016.10.07"]
[EventType "team"]
[EventRounds "11"]
[EventCountry "AUT"]
[WhiteTeam "RbEJ Gleisdorf"]
[BlackTeam "ESV Austria Graz"]

1.e4 e6 2.d4 d5 3.Nc3 Nf6 4.Bg5 Bb4 5.e5 h6 6.Be3 Ne4 7.Qg4 Kf8 8.a3 Bxc3+ 9.bxc3
c5 10.Bd3 Nxc3 11.dxc5 Nc6 12.Nf3 f5 13.Qh5 d4 14.Bf4 Bd7 15.g4 Qe8 16.Qh3 fxg4 17.Qxg4
g5 18.Bd2 Qe7 19.h4 h5 20.Qxg5 Qxg5 21.Bxg5 Na4 22.Bf6 Rg8 23.Ng5 Nxc5 24.Bh7 Rg7
25.Rg1 Re7 26.Bg6 Be8 27.Nh7+ Rxh7 28.Bxh7 Bf7 29.O-O-O Rc8 30.Rg7 Ne7 31.Rdg1 Rc7
32.Kd2 Nd7 33.Rxf7+ Kxf7 34.Rg7+ Kf8 35.Rxe7 1-0

[Event "2. Bundesliga Mitte 2016/2017"]
[Site "Leoben, Wolfsberg/Taufkirchen/Fuerstenfeld, Grieskirchen, St. Veit"]
[Date "2016.10.07"]
[Round "1"]
[Board "5"]
[White "Ebner, Hubert"]
[Black "Wanderer, Thomas"]
[Result "1/2-1/2"]
[WhiteElo "2247"]
[BlackElo "2199"]
[PlyCount "72"]
[EventDate "2016.10.07"]
[EventType "team"]
[EventRounds "11"]
[EventCountry "AUT"]
[WhiteTeam "ESV Austria Graz"]
[BlackTeam "RbEJ Gleisdorf"]

1.Nf3 Nf6 2.c4 c5 3.Nc3 d5 4.cxd5 Nxd5 5.g3 Nc6 6.Nxd5 Qxd5 7.Bg2 e5 8.d3 Qd8 9.O-O
Be7 10.Be3 Bd7 11.Qb3 b6 12.Qd5 f6 13.a3 Rc8 14.Rfc1 a5 15.Qb3 Bg4 16.h3 Bh5 17.Qb5
O-O 18.Nd2 Qc7 19.Bf3 Be8 20.Qb3+ Kh8 21.Nc4 Rb8 22.a4 Bf7 23.Bg2 Rfd8 24.Qd1 Be6
25.Kh2 g5 26.Qh1 Nb4 27.Bd2 Nd5 28.Bc3 Rd7 29.b3 Bf8 30.Bb2 Bg7 31.Rd1 Rbd8 32.Rac1
Ne7 33.Qf1 Ng6 34.Kg1 h5 35.e3 h4 36.Qe2 Kg8 1/2-1/2

[Event "2. Bundesliga Mitte 2016/2017"]
[Site "Leoben, Wolfsberg/Taufkirchen/Fuerstenfeld, Grieskirchen, St. Veit"]
[Date "2016.10.07"]
[Round "1"]
[Board "6"]
[White "Ofner, Maximilian"]
[Black "Aschenbrenner, Robert"]
[Result "0-1"]
[WhiteElo "2163"]
[BlackElo "2201"]
[PlyCount "70"]
[EventDate "2016.10.07"]
[EventType "team"]
[EventRounds "11"]
[EventCountry "AUT"]
[WhiteTeam "RbEJ Gleisdorf"]
[BlackTeam "ESV Austria Graz"]

1.e4 c5 2.Nf3 e6 3.d3 d5 4.Nbd2 Nf6 5.g3 g6 6.Bg2 Bg7 7.O-O O-O 8.Re1 Nc6 9.Qe2 a5
10.Nf1 b6 11.e5 Nd7 12.Bf4 Ba6 13.c4 Re8 14.h4 Ra7 15.h5 Nd4 16.Nxd4 cxd4 17.b3 dxc4
18.bxc4 g5 19.h6 Bxh6 20.Qh5 gxf4 21.Qxh6 fxg3 22.Nxg3 Kh8 23.Re4 f5 24.Rxd4 Qe7 25.Bc6
Nxe5 26.Bxe8 Nf3+ 27.Kf1 Nxd4 28.Bg6 Qf6 29.Nh5 Qd8 30.Nf4 Kg8 31.Bh5 Bc8 32.Be2 Rg7
33.Nh5 Rg6 34.Qf4 Rg1+ 35.Kxg1 Nxe2+ 0-1

[Event "2. Bundesliga Mitte 2016/2017"]
[Site "Leoben, Wolfsberg/Taufkirchen/Fuerstenfeld, Grieskirchen, St. Veit"]
[Date "2016.10.07"]
[Round "1"]
[Board "1"]
[White "Huber, Martin Christian"]
[Black "Reichmann, Egon"]
[Result "1-0"]
[WhiteElo "2412"]
[BlackElo "2266"]
[PlyCount "199"]
[EventDate "2016.10.07"]
[EventType "team"]
[EventRounds "11"]
[EventCountry "AUT"]
[WhiteTeam "Schachfreunde Graz"]
[BlackTeam "SV Wolfsberg"]

1.d4 d5 2.c4 c6 3.Nf3 e6 4.e3 f5 5.Bd3 Nf6 6.O-O Bd6 7.b3 Qe7 8.Bb2 O-O 9.Nc3 Bd7
10.Ne2 Be8 11.Ne5 a5 12.Rc1 Na6 13.f3 Nb4 14.Bb1 Nd7 15.Nf4 g5 16.Nh3 Nxe5 17.dxe5
Bc5 18.Bd4 Rd8 19.Bxc5 Qxc5 20.Qd2 h6 21.Rfd1 Qb6 22.c5 Qc7 23.Qd4 Bg6 24.Nf2 Kh7
25.a3 Na6 26.Bd3 Nb8 27.b4 axb4 28.axb4 Nd7 29.f4 Ra8 30.Ra1 Rfb8 31.Be2 gxf4 32.exf4
b6 33.Nd3 bxc5 34.Nxc5 Nxc5 35.Qxc5 Rxa1 36.Rxa1 Qb6 37.Ra6 Qxb4 38.Qxb4 Rxb4 39.Rxc6
Bf7 40.g3 Kg7 41.Kf2 Rb3 42.Rc7 Kf8 43.Rc8+ Kg7 44.Rc7 Kf8 45.h3 Ra3 46.Rc8+ Kg7 47.Rc6
Kf8 48.g4 Rxh3 49.gxf5 exf5 50.Bf3 Rh2+ 51.Bg2 Rh4 52.Rf6 Ke7 53.Rxf5 Rg4 54.Rf6 d4
55.Be4 h5 56.Bf3 Rg8 57.Rh6 Rb8 58.f5 Rb5 59.e6 Rxf5 60.exf7 Rxf7 61.Rxh5 Rf6 62.Re5+
Kd7 63.Re4 Rd6 64.Ke2 Kc7 65.Kd3 Kb6 66.Re5 Kc7 67.Re7+ Rd7 68.Re6 Rd6 69.Re1 Kd8
70.Ra1 Ke7 71.Ra5 Kf6 72.Be4 Ke7 73.Re5+ Kf6 74.Rf5+ Ke7 75.Rh5 Kf6 76.Rh6+ Ke5 77.Rh5+
Kf6 78.Bd5 Kg6 79.Re5 Kf6 80.Kxd4 Ra6 81.Re8 Ra4+ 82.Bc4 Ra5 83.Rf8+ Kg7 84.Rf1 Rg5
85.Be6 Ra5 86.Bd5 Ra3 87.Ke5 Rg3 88.Be4 Rg5+ 89.Bf5 Rg3 90.Ra1 Kh6 91.Kf4 Rg2 92.Ra7
Rf2+ 93.Ke5 Kg5 94.Rg7+ Kh4 95.Rg8 Rf1 96.Rg4+ Kh5 97.Kf6 Rf2 98.Rg3 Rh2 99.Rg8 Rf2
100.Rh8# 1-0

[Event "2. Bundesliga Mitte 2016/2017"]
[Site "Leoben, Wolfsberg/Taufkirchen/Fuerstenfeld, Grieskirchen, St. Veit"]
[Date "2016.10.07"]
[Round "1"]
[Board "2"]
[White "Toefferl, Heimo"]
[Black "Schnider, Gert"]
[Result "0-1"]
[WhiteElo "2096"]
[BlackElo "2404"]
[PlyCount "84"]
[EventDate "2016.10.07"]
[EventType "team"]
[EventRounds "11"]
[EventCountry "AUT"]
[WhiteTeam "SV Wolfsberg"]
[BlackTeam "Schachfreunde Graz"]

1.d4 d5 2.c4 e6 3.Nc3 Nf6 4.cxd5 exd5 5.Bg5 Be7 6.Qc2 O-O 7.e3 c6 8.Bd3 Nbd7 9.Nge2
Re8 10.O-O Nf8 11.Rad1 Nh5 12.Bxe7 Qxe7 13.a3 Qg5 14.e4 dxe4 15.Bxe4 Nf6 16.Bd3 Bg4
17.f3 Be6 18.Ng3 Rad8 19.b4 Qe3+ 20.Kh1 Bc8 21.Rf2 Ne6 22.Nf5 Qf4 23.g3 Qc7 24.Rfd2
g6 25.d5 cxd5 26.Nh4 Bd7 27.Qb2 d4 28.Ne4 Nxe4 29.Bxe4 Qb6 30.Bd5 Ba4 31.Bb3 Bxb3
32.Qxb3 Rc8 33.Rd3 Rc7 34.f4 Rec8 35.Nf3 Rc3 36.Qa4 Qc6 37.Qxc6 R8xc6 38.Kg2 Ra6 39.Nxd4
Rxd3 40.Rxd3 Rd6 41.Nxe6 Rxd3 42.Nc5 Rxa3 0-1

[Event "2. Bundesliga Mitte 2016/2017"]
[Site "Leoben, Wolfsberg/Taufkirchen/Fuerstenfeld, Grieskirchen, St. Veit"]
[Date "2016.10.07"]
[Round "1"]
[Board "3"]
[White "Mikanovic, Sandro"]
[Black "Schoenangerer, Herbert"]
[Result "1-0"]
[WhiteElo "2240"]
[BlackElo "2097"]
[PlyCount "91"]
[EventDate "2016.10.07"]
[EventType "team"]
[EventRounds "11"]
[EventCountry "AUT"]
[WhiteTeam "Schachfreunde Graz"]
[BlackTeam "SV Wolfsberg"]

1.c4 e6 2.g3 d5 3.Bg2 Nf6 4.Nf3 Be7 5.O-O O-O 6.d4 Nbd7 7.Qc2 c6 8.Nbd2 Re8 9.e4 dxe4
10.Nxe4 Nxe4 11.Qxe4 Nf6 12.Qe2 Qc7 13.Bf4 Bd6 14.Ne5 Nd7 15.c5 Bxe5 16.Bxe5 Nxe5
17.dxe5 Rd8 18.Rfd1 Bd7 19.Rd6 Be8 20.Rad1 Rd7 21.Be4 Rad8 22.R1d4 g6 23.Qd2 Kg7 24.Qg5
Rxd6 25.Qf6+ Kg8 26.exd6 Qd7 27.h4 Rb8 28.h5 Qd8 29.Qe7 Bd7 30.h6 b6 31.b4 b5 32.Rd3
a6 33.g4 Ra8 34.Kg2 Rc8 35.Kg3 Qe8 36.Kf4 Rd8 37.Ke5 Qf8 38.g5 Qe8 39.Bxg6 Qf8 40.Rf3
hxg6 41.Rxf7 Qxf7 42.Qxd8+ Be8 43.Qf6 Qd7 44.Qxe6+ Kh7 45.Qxd7+ Bxd7 46.Kf6 1-0

[Event "2. Bundesliga Mitte 2016/2017"]
[Site "Leoben, Wolfsberg/Taufkirchen/Fuerstenfeld, Grieskirchen, St. Veit"]
[Date "2016.10.07"]
[Round "1"]
[Board "4"]
[White "Huber, Mario"]
[Black "Kravanja, Georg"]
[Result "1/2-1/2"]
[WhiteElo "1987"]
[BlackElo "2246"]
[PlyCount "108"]
[EventDate "2016.10.07"]
[EventType "team"]
[EventRounds "11"]
[EventCountry "AUT"]
[WhiteTeam "SV Wolfsberg"]
[BlackTeam "Schachfreunde Graz"]

1.c4 c6 2.Nc3 d5 3.cxd5 cxd5 4.d4 Nf6 5.g3 g6 6.Bg2 Bg7 7.Bg5 e6 8.Nf3 h6 9.Bf4 O-O
10.h4 Nc6 11.Qc1 Ng4 12.Bh3 e5 13.dxe5 Ncxe5 14.Nxe5 Nxe5 15.Bg2 d4 16.Ne4 d3 17.Bxe5
Bxe5 18.O-O dxe2 19.Re1 Bg7 20.Rxe2 Bg4 21.Rd2 Qb6 22.Qc5 Qxc5 23.Nxc5 Rad8 24.Rxd8
Rxd8 25.Bxb7 Rd2 26.Rf1 Rxb2 27.Bd5 Rb5 28.Rc1 Bf8 29.Ne4 Kg7 30.Bb3 Rb7 31.Kg2 Ba3
32.Rc4 Be2 33.Rd4 Rb4 34.Rxb4 Bxb4 35.f3 f5 36.Nf2 Kf6 37.Nh3 g5 38.hxg5+ hxg5 39.f4
g4 40.Ng5 Bc5 41.Nh7+ Kg6 42.Ng5 Bb5 43.Bf7+ Kf6 44.Bd5 a5 45.Nf7 Bd4 46.Nd6 Bd3 47.Bb3
Ke7 48.Nf7 Bb5 49.Nh6 Bd7 50.Bc2 Kf6 51.Ng8+ Ke6 52.Nh6 Kf6 53.Ng8+ Kg7 54.Ne7 Kf6 1/2-1/2

[Event "2. Bundesliga Mitte 2016/2017"]
[Site "Leoben, Wolfsberg/Taufkirchen/Fuerstenfeld, Grieskirchen, St. Veit"]
[Date "2016.10.07"]
[Round "1"]
[Board "5"]
[White "Teuschler, Barbara"]
[Black "Pressl, Harald"]
[Result "1-0"]
[WhiteElo "2212"]
[BlackElo "1873"]
[PlyCount "47"]
[EventDate "2016.10.07"]
[EventType "team"]
[EventRounds "11"]
[EventCountry "AUT"]
[WhiteTeam "Schachfreunde Graz"]
[BlackTeam "SV Wolfsberg"]

1.e4 d6 2.d4 e5 3.Nf3 Bg4 4.dxe5 Bxf3 5.Qxf3 dxe5 6.Bc4 Nf6 7.Qb3 Bc5 8.Bxf7+ Kf8
9.O-O Nbd7 10.Nd2 Qe7 11.Bc4 g6 12.Qh3 Kg7 13.Nb3 h6 14.Nxc5 Nxc5 15.f3 Ncxe4 16.fxe4
Qc5+ 17.Be3 Qxc4 18.Rxf6 Kxf6 19.Bxh6 Rxh6 20.Qxh6 Qd4+ 21.Kh1 Qxe4 22.Rf1+ Ke6 23.Qg7
Rd8 24.Qf6+ 1-0

[Event "2. Bundesliga Mitte 2016/2017"]
[Site "Leoben, Wolfsberg/Taufkirchen/Fuerstenfeld, Grieskirchen, St. Veit"]
[Date "2016.10.07"]
[Round "1"]
[Board "6"]
[White "Heindl, Matthias"]
[Black "Kastner, Walter"]
[Result "0-1"]
[WhiteElo "2106"]
[BlackElo "2178"]
[PlyCount "98"]
[EventDate "2016.10.07"]
[EventType "team"]
[EventRounds "11"]
[EventCountry "AUT"]
[WhiteTeam "SV Wolfsberg"]
[BlackTeam "Schachfreunde Graz"]

1.e4 e6 2.d4 d5 3.Nd2 dxe4 4.Nxe4 Bd7 5.Nf3 Bc6 6.Bd3 Nd7 7.O-O Ngf6 8.Ng3 Be7 9.Re1
O-O 10.c4 Bxf3 11.Qxf3 c6 12.Bd2 Qb6 13.Bc3 Bb4 14.Bc2 Rfd8 15.a3 Bxc3 16.Qxc3 Nf8
17.Rad1 Rd7 18.Rd2 Rad8 19.Red1 Qc7 20.Ne4 Nxe4 21.Bxe4 Qf4 22.Bf3 Ng6 23.g3 Qg5 24.Bg2
Qf6 25.Qe3 a6 26.b4 Ne7 27.d5 cxd5 28.cxd5 Nf5 29.Qb6 Qe7 30.Re1 Rd6 31.Qc5 b6 32.Qc2
Qf6 33.Qc4 b5 34.Qe4 Ne7 35.Qc2 g6 36.Red1 exd5 37.Qc5 d4 38.Be4 Kg7 39.Qc7 Nc8 40.Qc2
Nb6 41.Rd3 Rc8 42.Qb3 Na4 43.R1d2 Rc4 44.Qd1 Nc3 45.Qf3 Qe7 46.Bb7 Rf6 47.Qg2 Rc7
48.Bf3 Re6 49.h4 Nb1 0-1

[Event "2. Bundesliga Mitte 2016/2017"]
[Site "Leoben, Wolfsberg/Taufkirchen/Fuerstenfeld, Grieskirchen, St. Veit"]
[Date "2016.10.07"]
[Round "1"]
[Board "1"]
[White "Kreisl, Robert"]
[Black "Branding, Volker"]
[Result "1-0"]
[WhiteElo "2426"]
[BlackElo "2167"]
[PlyCount "81"]
[EventDate "2016.10.07"]
[EventType "team"]
[EventRounds "11"]
[EventCountry "AUT"]
[WhiteTeam "SC MPOE Maria Saal 2"]
[BlackTeam "SV Gmunden"]

1.Nf3 g6 2.d4 Bg7 3.c4 c5 4.e4 cxd4 5.Nxd4 Nc6 6.Be3 Nf6 7.Nc3 d6 8.Be2 O-O 9.O-O
Bd7 10.h3 Nxd4 11.Bxd4 Bc6 12.Qc2 a5 13.Rad1 Nd7 14.Be3 a4 15.Nd5 Bxd5 16.Rxd5 Qc7
17.Rfd1 Qc6 18.f4 Rfc8 19.b3 axb3 20.axb3 Nf6 21.R5d4 e5 22.Rxd6 Qxe4 23.Qd2 exf4
24.Bxf4 Qf5 25.Bf3 Ne4 26.Bxe4 Qxe4 27.Re1 Qf5 28.Rd5 Qf6 29.Qe3 Ra2 30.Be5 Qc6 31.Bxg7
Kxg7 32.Qd4+ Kg8 33.h4 h5 34.Re7 Rf8 35.Red7 Qe6 36.R5d6 Qf5 37.Rf6 Qc2 38.Qd5 Ra1+
39.Kh2 Qb1 40.Rfxf7 Qg1+ 41.Kg3 1-0

[Event "2. Bundesliga Mitte 2016/2017"]
[Site "Leoben, Wolfsberg/Taufkirchen/Fuerstenfeld, Grieskirchen, St. Veit"]
[Date "2016.10.07"]
[Round "1"]
[Board "2"]
[White "Rolletschek, Heinrich"]
[Black "Halvax, Georg"]
[Result "1/2-1/2"]
[WhiteElo "2170"]
[BlackElo "2429"]
[PlyCount "60"]
[EventDate "2016.10.07"]
[EventType "team"]
[EventRounds "11"]
[EventCountry "AUT"]
[WhiteTeam "SV Gmunden"]
[BlackTeam "SC MPOE Maria Saal 2"]

1.e4 c5 2.Nf3 Nc6 3.d4 cxd4 4.Nxd4 Nf6 5.Nc3 e6 6.g3 d5 7.exd5 Nxd5 8.Nxc6 bxc6 9.Ne4
Qc7 10.c4 Nb6 11.Qe2 Qe5 12.Bg2 Bb4+ 13.Nd2 Qxe2+ 14.Kxe2 Bb7 15.b3 O-O-O 16.Ne4 c5
17.a3 Ba5 18.Bf3 Bxe4 19.Bxe4 Bc3 20.Rb1 Rd7 21.Rd1 Rxd1 22.Kxd1 Bd4 23.Ke2 Kc7 24.Bd2
Rb8 25.h4 g6 26.Bc2 Kd6 27.h5 Nd7 28.Rh1 Rb7 29.hxg6 hxg6 30.g4 Bb2 1/2-1/2

[Event "2. Bundesliga Mitte 2016/2017"]
[Site "Leoben, Wolfsberg/Taufkirchen/Fuerstenfeld, Grieskirchen, St. Veit"]
[Date "2016.10.07"]
[Round "1"]
[Board "3"]
[White "Tomazini, Zan"]
[Black "Mittermayr, Gerhard"]
[Result "1-0"]
[WhiteElo "2389"]
[BlackElo "2092"]
[PlyCount "33"]
[EventDate "2016.10.07"]
[EventType "team"]
[EventRounds "11"]
[EventCountry "AUT"]
[WhiteTeam "SC MPOE Maria Saal 2"]
[BlackTeam "SV Gmunden"]

1.e4 e6 2.d4 d5 3.Nd2 dxe4 4.Nxe4 Bd7 5.c4 Bc6 6.Nc3 Nf6 7.Nf3 Bb4 8.Be3 Nbd7 9.Be2
Ne4 10.Qb3 Qe7 11.O-O Bxc3 12.bxc3 g5 13.Rfe1 g4 14.Nd2 Ndf6 15.Nxe4 Bxe4 16.Bg5 h5
17.Qb5+ 1-0

[Event "2. Bundesliga Mitte 2016/2017"]
[Site "Leoben, Wolfsberg/Taufkirchen/Fuerstenfeld, Grieskirchen, St. Veit"]
[Date "2016.10.07"]
[Round "1"]
[Board "4"]
[White "Haas, Michael"]
[Black "Rieger, Robert"]
[Result "0-1"]
[WhiteElo "2046"]
[BlackElo "2320"]
[PlyCount "36"]
[EventDate "2016.10.07"]
[EventType "team"]
[EventRounds "11"]
[EventCountry "AUT"]
[WhiteTeam "SV Gmunden"]
[BlackTeam "SC MPOE Maria Saal 2"]

1.d4 Nf6 2.Nf3 d5 3.e3 Bg4 4.Bd3 Nbd7 5.Nbd2 e5 6.dxe5 Nxe5 7.Be2 Nc6 8.O-O Bd6 9.c4
Qe7 10.cxd5 Nxd5 11.Nc4 O-O-O 12.Nxd6+ Rxd6 13.Qa4 Bh5 14.b4 Nc3 15.Qc2 Nxe2+ 16.Qxe2
Nd4 17.Qc4 Nxf3+ 18.gxf3 Qg5+ 0-1

[Event "2. Bundesliga Mitte 2016/2017"]
[Site "Leoben, Wolfsberg/Taufkirchen/Fuerstenfeld, Grieskirchen, St. Veit"]
[Date "2016.10.07"]
[Round "1"]
[Board "5"]
[White "Tomazini, Aljosa"]
[Black "Topf, Christian"]
[Result "1-0"]
[WhiteElo "2387"]
[BlackElo "1992"]
[PlyCount "153"]
[EventDate "2016.10.07"]
[EventType "team"]
[EventRounds "11"]
[EventCountry "AUT"]
[WhiteTeam "SC MPOE Maria Saal 2"]
[BlackTeam "SV Gmunden"]

1.d4 b6 2.e4 Bb7 3.Bd3 e6 4.Qe2 Nf6 5.Nf3 d5 6.e5 Ne4 7.Nbd2 Nxd2 8.Bxd2 Be7 9.O-O
c5 10.c3 Nc6 11.a3 c4 12.Bc2 Na5 13.Be3 Bc6 14.Nd2 Qd7 15.Qd1 h6 16.Kh1 g6 17.a4 Bb7
18.Nb1 h5 19.Nd2 Ba6 20.Nf3 Qd8 21.Qc1 h4 22.Ng5 Nb3 23.Bxb3 cxb3 24.Re1 Bd3 25.Qd2
Bf5 26.h3 Rh5 27.Nf3 Be4 28.Nh2 Qc7 29.Ng4 Bf5 30.f3 Qc4 31.Nh2 Bc2 32.Nf1 Kd7 33.Qf2
Rah8 34.Bc1 Qc7 35.Qe2 Qc4 36.Qf2 Qc7 37.Bf4 Bd3 38.Nd2 Bc2 39.Qe2 Rc8 40.Nxb3 Bxb3
41.Qb5+ Qc6 42.Qxb3 Rhh8 43.Qb5 a5 44.Qd3 Qc4 45.Qd2 Rh5 46.Qd1 Rhh8 47.Bd2 Rhd8 48.Qc1
Rh8 49.Bg5 Bf8 50.Qf4 Ke8 51.b3 Qd3 52.Bxh4 Rh5 53.Bg5 Qf5 54.Qxf5 gxf5 55.Bd2 f4
56.Bxf4 Rxc3 57.Rac1 Bb4 58.Rxc3 Bxc3 59.Rd1 Kd7 60.Kh2 Rh8 61.g4 b5 62.axb5 Rb8 63.Rd3
Be1 64.Bg3 Bb4 65.h4 Ke7 66.h5 Kf8 67.Bh4 Kg8 68.Bf6 Rxb5 69.g5 Kh7 70.f4 Be1 71.Rd1
Bc3 72.Rg1 Bxd4 73.g6+ Kg8 74.gxf7+ Kxf7 75.Rg7+ Kf8 76.h6 Rxb3 77.h7 1-0

[Event "2. Bundesliga Mitte 2016/2017"]
[Site "Leoben, Wolfsberg/Taufkirchen/Fuerstenfeld, Grieskirchen, St. Veit"]
[Date "2016.10.08"]
[Round "2"]
[Board "1"]
[White "Branding, Volker"]
[Black "Haba, Petr"]
[Result "1/2-1/2"]
[WhiteElo "2167"]
[BlackElo "2457"]
[PlyCount "161"]
[EventDate "2016.10.07"]
[EventType "team"]
[EventRounds "11"]
[EventCountry "AUT"]
[WhiteTeam "SV Gmunden"]
[BlackTeam "Spg. Grieskirchen/Schallerbach"]

1.e4 e6 2.d4 d5 3.Nc3 Bb4 4.e5 c5 5.a3 Bxc3+ 6.bxc3 Ne7 7.Nf3 b6 8.a4 Ba6 9.Bxa6 Nxa6
10.O-O Nb8 11.Ba3 Nd7 12.Qd3 Qc7 13.Rfe1 h6 14.c4 dxc4 15.Qxc4 O-O 16.dxc5 Ng6 17.Qd4
bxc5 18.Qc3 Rfc8 19.h4 Qc6 20.h5 Ne7 21.Bc1 Rab8 22.Qd3 Rb4 23.Rd1 Rc7 24.Qd6 Nd5
25.Bd2 Rc4 26.Qxc6 Rxc6 27.Rdb1 Rc7 28.Ba5 N7b6 29.Bxb6 axb6 30.a5 Ra7 31.axb6 Rxa1
32.Rxa1 Nxb6 33.Ra6 Nd5 34.Ra8+ Kh7 35.Ra7 Kg8 36.Ra8+ Kh7 37.Ra7 Rf4 38.Ra5 c4 39.Kf1
Rf5 40.Ra7 c3 41.Kg1 Rf4 42.Kf1 Rf5 43.Kg1 Nb4 44.Rc7 Nxc2 45.Rxc3 Nb4 46.Rc7 Nd3
47.Rd7 Nxe5 48.Nxe5 Rxe5 49.Rxf7 Rxh5 50.Re7 Re5 51.f3 Kg6 52.Kf2 Kf6 53.Re8 Ra5 54.Rf8+
Ke7 55.Rb8 Ra2+ 56.Kg3 h5 57.Rb5 g6 58.Rb8 Re2 59.Ra8 g5 60.Rh8 h4+ 61.Kh3 Rf2 62.Rg8
Kf6 63.Rf8+ Kg7 64.Re8 Kf7 65.Ra8 Rf1 66.Kh2 Rd1 67.Rb8 Kf6 68.Rf8+ Ke5 69.Rg8 Kf4
70.Rf8+ Ke3 71.Rg8 Rd5 72.Ra8 Re5 73.Ra3+ Kf2 74.Ra2+ Re2 75.Ra5 e5 76.Ra4 e4 77.Rxe4
Kf1 78.Rg4 Re5 79.f4 Re4 80.Rxg5 Rxf4 81.Kh3 1/2-1/2

[Event "2. Bundesliga Mitte 2016/2017"]
[Site "Leoben, Wolfsberg/Taufkirchen/Fuerstenfeld, Grieskirchen, St. Veit"]
[Date "2016.10.08"]
[Round "2"]
[Board "2"]
[White "Kilgus, Georg"]
[Black "Rolletschek, Heinrich"]
[Result "1/2-1/2"]
[WhiteElo "2391"]
[BlackElo "2170"]
[PlyCount "61"]
[EventDate "2016.10.07"]
[EventType "team"]
[EventRounds "11"]
[EventCountry "AUT"]
[WhiteTeam "Spg. Grieskirchen/Schallerbach"]
[BlackTeam "SV Gmunden"]

1.Nf3 g6 2.e4 d6 3.d4 Bg7 4.Be2 Nf6 5.Nc3 O-O 6.O-O Nbd7 7.e5 Ne8 8.Bg5 c6 9.Qd2 f6
10.Bh6 Qc7 11.exd6 Nxd6 12.Bxg7 Kxg7 13.Rfe1 Re8 14.Qf4 Nb5 15.Qd2 Nxc3 16.Qxc3 Nf8
17.Bc4 Bg4 18.Re4 Bxf3 19.Qxf3 e5 20.Rae1 Nd7 21.R4e2 Re7 22.h4 Rae8 23.h5 Qd6 24.c3
f5 25.Qg3 Qf6 26.hxg6 hxg6 27.dxe5 Nxe5 28.Qf4 Nxc4 29.Qxc4 Rxe2 30.Rxe2 Rxe2 31.Qxe2 1/2-1/2

[Event "2. Bundesliga Mitte 2016/2017"]
[Site "Leoben, Wolfsberg/Taufkirchen/Fuerstenfeld, Grieskirchen, St. Veit"]
[Date "2016.10.08"]
[Round "2"]
[Board "3"]
[White "Mittermayr, Gerhard"]
[Black "Schwabeneder, Florian"]
[Result "0-1"]
[WhiteElo "2092"]
[BlackElo "2362"]
[PlyCount "84"]
[EventDate "2016.10.07"]
[EventType "team"]
[EventRounds "11"]
[EventCountry "AUT"]
[WhiteTeam "SV Gmunden"]
[BlackTeam "Spg. Grieskirchen/Schallerbach"]

1.e4 e5 2.Nf3 Nc6 3.Bb5 a6 4.Ba4 d6 5.d4 b5 6.Bb3 Nxd4 7.Nxd4 exd4 8.Bd5 Rb8 9.Bc6+
Bd7 10.Bxd7+ Qxd7 11.Qxd4 Nf6 12.Qa7 Rc8 13.Qxa6 Nxe4 14.a4 bxa4 15.Qxa4 Qxa4 16.Rxa4
Nc5 17.Ra7 d5 18.Nc3 c6 19.O-O Ne6 20.Na4 Bd6 21.f4 O-O 22.f5 Nd4 23.c3 Nb5 24.Rd7
Ra8 25.b3 Be5 26.Bb2 Rfe8 27.c4 Bxb2 28.Nxb2 Nc3 29.Rc7 Ne2+ 30.Kh1 Ra2 31.Nd3 dxc4
32.bxc4 Nd4 33.Nb4 Rf2 34.Rd1 Nxf5 35.Nxc6 h5 36.c5 Ree2 37.Rg1 Nh4 38.Nd4 Rd2 39.Rd7
Nxg2 40.c6 Nh4 41.Rg3 Rd1+ 42.Rg1 Rxd4 0-1

[Event "2. Bundesliga Mitte 2016/2017"]
[Site "Leoben, Wolfsberg/Taufkirchen/Fuerstenfeld, Grieskirchen, St. Veit"]
[Date "2016.10.08"]
[Round "2"]
[Board "4"]
[White "Singer, Christoph"]
[Black "Haas, Michael"]
[Result "1-0"]
[WhiteElo "2333"]
[BlackElo "2046"]
[PlyCount "93"]
[EventDate "2016.10.07"]
[EventType "team"]
[EventRounds "11"]
[EventCountry "AUT"]
[WhiteTeam "Spg. Grieskirchen/Schallerbach"]
[BlackTeam "SV Gmunden"]

1.e4 e6 2.d4 d5 3.Nd2 Nf6 4.e5 Nfd7 5.f4 c5 6.Ngf3 Nc6 7.Nb3 c4 8.Nbd2 h6 9.Be2 g5
10.O-O g4 11.Ne1 Nxd4 12.Bxg4 h5 13.Bh3 Nc5 14.Ndf3 Nf5 15.c3 Qb6 16.Nd4 Ne4 17.Nef3
Bc5 18.Qe2 Nxd4 19.cxd4 Bxd4+ 20.Nxd4 Qxd4+ 21.Be3 Qd3 22.Qxd3 cxd3 23.Rfd1 Bd7 24.Rxd3
Ke7 25.Rc1 Rac8 26.Rdd1 b6 27.f5 f6 28.exf6+ Kxf6 29.fxe6 Bxe6 30.Bd4+ Ke7 31.Bxh8
Rxh8 32.Rd3 Kd6 33.Rcd1 Rd8 34.Bf5 Ke5 35.Bxe4 Kxe4 36.Rd4+ Ke5 37.g3 Bg4 38.R1d2
Bf5 39.Rh4 Bg6 40.Re2+ Be4 41.Kf2 Rf8+ 42.Ke1 Rf5 43.Kd2 Kd4 44.Rf4 Rg5 45.Re3 Rg7
46.Rh4 Rc7 47.Rd3+ 1-0

[Event "2. Bundesliga Mitte 2016/2017"]
[Site "Leoben, Wolfsberg/Taufkirchen/Fuerstenfeld, Grieskirchen, St. Veit"]
[Date "2016.10.08"]
[Round "2"]
[Board "5"]
[White "Topf, Christian"]
[Black "Salvenmoser, Stefan"]
[Result "0-1"]
[WhiteElo "1992"]
[BlackElo "2177"]
[PlyCount "110"]
[EventDate "2016.10.07"]
[EventType "team"]
[EventRounds "11"]
[EventCountry "AUT"]
[WhiteTeam "SV Gmunden"]
[BlackTeam "Spg. Grieskirchen/Schallerbach"]

1.b3 e5 2.Bb2 Nc6 3.e3 Nf6 4.Bb5 Bd6 5.Na3 a6 6.Be2 Qe7 7.Nc4 Bc5 8.d3 d5 9.Nd2 O-O
10.a3 Re8 11.b4 Ba7 12.c4 dxc4 13.Nxc4 Rd8 14.Qc2 Nd5 15.Nf3 f6 16.O-O Be6 17.Rfe1
Qf7 18.Kh1 Nb6 19.Ncd2 Rd7 20.Ne4 Bb3 21.Qb1 Na4 22.Rc1 Kh8 23.Bc3 Bd5 24.Be1 f5 25.Nc3
Nxc3 26.Bxc3 Re8 27.e4 fxe4 28.dxe4 Bb3 29.Qb2 Nd4 30.Bxd4 Bxd4 31.Nxd4 Rxd4 32.Bf3
Red8 33.Rc3 Bd1 34.Qc1 Bxf3 35.Rxf3 Qd7 36.Qg1 Rxe4 37.h3 h6 38.Re1 Rxe1 39.Qxe1 Qd1
40.Qxd1 Rxd1+ 41.Kh2 Kg8 42.Kg3 Rd5 43.Kg4 e4 44.Rf5 Rd3 45.Re5 Rxa3 46.Rxe4 a5 47.bxa5
Rxa5 48.Re7 Rc5 49.Kf4 b5 50.Ke4 Rc3 51.g4 b4 52.h4 b3 53.Re8+ Kf7 54.Rb8 c5 55.f4
Rc4+ 0-1

[Event "2. Bundesliga Mitte 2016/2017"]
[Site "Leoben, Wolfsberg/Taufkirchen/Fuerstenfeld, Grieskirchen, St. Veit"]
[Date "2016.10.08"]
[Round "2"]
[Board "6"]
[White "Schwabeneder, Alois"]
[Black "Holzleithner, Johannes"]
[Result "1-0"]
[WhiteElo "1987"]
[BlackElo "2006"]
[PlyCount "69"]
[EventDate "2016.10.07"]
[EventType "team"]
[EventRounds "11"]
[EventCountry "AUT"]
[WhiteTeam "Spg. Grieskirchen/Schallerbach"]
[BlackTeam "SV Gmunden"]

1.Nf3 d5 2.c4 e6 3.e3 Nf6 4.b3 Be7 5.Bb2 O-O 6.Qc2 c5 7.Be2 Nc6 8.a3 d4 9.exd4 Nxd4
10.Nxd4 cxd4 11.d3 e5 12.Nd2 Bd7 13.O-O Qb6 14.b4 Ne8 15.f4 exf4 16.Kh1 Rc8 17.Rxf4
Qh6 18.Rxd4 Bd6 19.Nf3 b5 20.c5 Bf5 21.Qd1 Bb8 22.Qf1 Qc6 23.Rh4 Rd8 24.Nd4 Qf6 25.Nxf5
Qxb2 26.Ne7+ Kh8 27.Ng6+ Kg8 28.Nxf8 Kxf8 29.d4 Rxd4 30.Rxd4 Qxd4 31.Bxb5 Qe5 32.g3
Nf6 33.Re1 Qh5 34.Qe2 Qd5+ 35.Kg1 1-0

[Event "2. Bundesliga Mitte 2016/2017"]
[Site "Leoben, Wolfsberg/Taufkirchen/Fuerstenfeld, Grieskirchen, St. Veit"]
[Date "2016.10.08"]
[Round "2"]
[Board "1"]
[White "Weiss, Christian"]
[Black "Freitag, Manfred"]
[Result "1/2-1/2"]
[WhiteElo "2360"]
[BlackElo "2386"]
[PlyCount "64"]
[EventDate "2016.10.07"]
[EventType "team"]
[EventRounds "11"]
[EventCountry "AUT"]
[WhiteTeam "Union Ansfelden"]
[BlackTeam "SPG Spk. Fuerstenfeld/Hartberg"]

1.c4 c5 2.g3 Nf6 3.Bg2 d5 4.cxd5 Nxd5 5.Nc3 Nc7 6.f4 g6 7.d3 Bg7 8.Be3 Bd4 9.Qd2 O-O
10.Rc1 Nba6 11.Nf3 Rb8 12.O-O Bg4 13.Bf2 Bxf3 14.Bxf3 Qd7 15.e3 Bg7 16.Kg2 Rfd8 17.Rcd1
Nb4 18.d4 cxd4 19.exd4 Nbd5 20.Rc1 Nxc3 21.bxc3 b5 22.Rfd1 Nd5 23.c4 bxc4 24.Rxc4
e6 25.Rdc1 h5 26.Qa5 Rb2 27.R4c2 Rdb8 28.Qd2 Rxc2 29.Rxc2 Rd8 30.Qe2 Qa4 31.Qc4 Qa3
32.Qb3 Qd6 1/2-1/2